| 000 | 00893nam a2200157 a 4500 | ||
|---|---|---|---|
| 001 | 20122 | ||
| 005 | 20180713213646.0 | ||
| 008 | 140415s1995 py 000 0 spa d | ||
| 041 | _aspa | ||
| 082 |
_a248.4 _bJOR |
||
| 245 | 0 | 0 | _aJORNADAS SOBRE LA FAMILIA CRISTIANA |
| 260 |
_aPARAGUAY : _bODUCAK, _c1995 |
||
| 300 |
_a274 _c22.4 x 2 x 16 |
||
| 520 | _aESTE LIBRO NOS HABLA ACERCA DE LA IGLESIA DE LA ASUNCIÓN PARAGUAY Y DE LA FAMILIA CRISTIANA, ORGANIZADO POR ODUCAL, PARA LA IGLESIA DE CRISTO, LA FAMILIA, ES UNA REALIDAD, HUMANA SOCIAL, RELIGIOSA FUNDAMENTAL UN DON GRATUITO POR PARTE DE DIOS. LA IGLESIA TIENE ESTABLECIDA UNA SERIE DE NORMAS Y ORIENTACIONES PASTORALES PARA PROTEGER LA SANTIDAD, LA INTIMIDAD DE LA FAMILIA ADEMAS DEL DERECHO DE DECIDIR LA VIDA Y ACTITUDES DE LA MISMA FAMILIA Y DE SUS MIEMBROS SEGUN SU FE Y SU CONCIENCIA | ||
| 650 | 1 | 4 | _aFAMILIA CRISTIANA |
| 999 |
_c20122 _d20122 |
||